| 000 | 02332nam a22002657a 4500 | ||
|---|---|---|---|
| 999 |
_c59717 _d59717 |
||
| 003 | Ge_BSU | ||
| 005 | 20230405153903.0 | ||
| 008 | 230405s2016 ge ||||| |||| 00| 0 geo d | ||
| 020 | _a9789941135040 | ||
| 041 | _ageo | ||
| 080 | _a528.9(479.22)+ 912.43(479.22) ი-37 | ||
| 245 |
_aივანე ჯავახიშვილის კარტოგრაფიული მემკვიდრეობა : _bგამოფენის მეგზური / _cავტორ-შემდგენლები: დავით სართანია, დალი ნიკოლაიშვილი, არჩილ კოხრეიძე [და სხვ.] ; რედაქტორი როინ მეტრეველი ; სსიპ ივანე ჯავახიშვილის სახ. თბილისის სახელმწ. უნ-ტი, თსუ მუზეუმი, ა(ა)იპ ივანე ჯავახიშვილის ცენტრი. |
||
| 264 |
_aთბილისი : _bთბილ. უნ-ტის გამ-ბა, _c2016. |
||
| 300 |
_a90 გვ. : _bილ., 7 დაკეც. რუკა ; _c29 სმ. |
||
| 500 | _aეძღვნება ივანე ჯავახიშვილის დაბადების 140 წლის იუბილეს. | ||
| 653 | _aჯავახიშვილი, ივანე, 1876-1940. | ||
| 653 | _aქართული კარტოგრაფია | ||
| 700 |
_aსართანია, დავით _eავტორი, შემდგენელი. _917499 |
||
| 700 |
_aნიკოლაიშვილი, დალი _eავტორი, შემდგენელი _94827 |
||
| 700 |
_aკოხრეიძე, არჩილ და სხვ. _eავტორი, შემდგენელი _917500 |
||
| 700 |
_aმეტრეველი, როინ _eრედაქტორი _917501 |
||
| 710 |
_aივანე ჯავახიშვილის სახ. თსუ. თსუ მუზეუმი. _bივანე ჯავახიშვილის ცენტრი. _917502 |
||
| 856 |
_uhttps://dspace.nplg.gov.ge/bitstream/1234/257195/1/Kartografiuli_Memkvidreoba.pdf _yელ. ვერსია, pdf |
||
| 942 |
_2udc _cBK |
||